02645nam a2200253Ia 450000500170000000800410001704000700005804100080012808200150013610000290015124202580018024502250043824602550066326000820091830000210100050010800102150500830210150600220218465000180220665000840222465000190230865000440232770000200237120171204091738.0130821s1612 fr grdd lat  aCo-BoUCMbspacSandra Yazo (modificó)dSandra Yazo (modificó)0 alat04a340.562201 aDaoiz, Estebandd. 161900aTomo Séptimo del Derecho civil (ahora, sexto). Contiene un completísimo índice y la recopilación de todos los temas y términos existentes en el texto y en las glosas de todo el derecho civilcObra de Esteban Daóiz, natural de Pamplonayspa10aIuris civilis septimus tomus, nunc vero sextus, continens absolutissimum Indicem et summam rerum ac verborum omnium quae continentur tam in textu quam in glossis totius iuris civiliscauthore Stephano Daoyz, Pamiplonensi13a[Tomo Séptimo del Derecho civil (ahora, sexto). Contiene un completísimo índice y la recopilación de todos los temas y términos existentes en el texto y en las glosas de todo el derecho civil. Obra de Esteban Daóiz, natural de Pamplona] aLion (Francia)bSumptibus Horatij Cardon [A expensas de Horacio Cardon]c1612 a[1250] páginas aDetalles físicos: Encuadernación en pergamino, piel manchada y arrugada, deteriorada en bordes y esquinas. Guardas desprendidas y rotas. Conserva la portada impresa a dos tintas con un grabado (Un león rampante rodeado de abejas, con un lema latino que dice: "La dulzura (viene) del fuerte", emblema del editor-impresor Horacio Cardon). Dedicatoria a Don Cristóbal de Sandoval y Rojas, Duque de Uceda y Valido del Rey Felipe IV. Versos latinos de elogio al autor y su obra. Texto impreso en dos columnas con una línea vertical entre ellas. Algún adorno (cenefa, mayúscula capital) al comienzo. Signaturas y Reclamos. Ultimas hojas con dobleces u algunas roturas. En la portada varias anotaciones: "Es del Colegio Mayor de Nuestra Señora del Rosario del Real Patronato de Santa Fe". Y tres sellos de tinta: "El Colegio de Nuestra Señora del Rosario", "Del Colegio de Ntra. Sra. del Rosario", "Colegio Mayor del Rosario". En el encabezamiento de dos columnas BON, repite anotacion: "Es del Colegio Mayor de Nuestra Señora del Rosario del Real Patronato".0 aV.6: Vocabulario de términos y conceptos jurídicos desde la ABS hasta ZOS. aConsulta en sala.04aDerecho civil04aDerecho civilxConceptosvDiccionarios y enciclopediasxObras anteriores a 180004aDerecho romano04aDerecho romanoxObras anteriores a 16001 aCardon, Horacio